Biblioteca

Wild at heart : (Registro nro. 66255)

Detalles MARC
000 -LÍDER
Campo fijo de descripción fija 02034cam a2200505 i 4500
001 - NÚMERO DE CONTROL
Campo de control 768714001
003 - IDENTIFICADOR DEL NÚMERO DE CONTROL
Campo de control CO-MdFUSB
005 - FECHA Y HORA DE LA ULTIMA TRANSACCIÓN
control field 20210520124727.0
007 - CAMPO FIJO DE DESCRIPCIÓN FIJA--INFORMACIÓN GENERAL
Campo fijo de descripción fija ta
008 - ELEMENTOS DE LONGITUD FIJA -- INFORMACIÓN GENERAL
Campo fijo de descripción fija -- Información general 010809t2001 tnu b 000 0 eng
010 ## - NÚMERO DE CONTROL DE LA BIBLIOTECA DEL CONGRESO
Número de control LC 2001270858
020 ## - NÚMERO INTERNACIONAL NORMALIZADO PARA LIBROS
Número Internacional Normalizado del libro 0785268839
020 ## - NÚMERO INTERNACIONAL NORMALIZADO PARA LIBROS
Número Internacional Normalizado del libro 9780785268833
020 ## - NÚMERO INTERNACIONAL NORMALIZADO PARA LIBROS
Número Internacional Normalizado del libro 0785287965
Información adicional paperback
020 ## - NÚMERO INTERNACIONAL NORMALIZADO PARA LIBROS
Número Internacional Normalizado del libro 9780785287964
Información adicional paperback
020 ## - NÚMERO INTERNACIONAL NORMALIZADO PARA LIBROS
Número Internacional Normalizado del libro 0785266941
Información adicional paperback
020 ## - NÚMERO INTERNACIONAL NORMALIZADO PARA LIBROS
Número Internacional Normalizado del libro 9780785266945
Información adicional paperback
040 ## - FUENTE DE CATALOGACIÓN
Agencia de catalogación original DLC
Idioma de catalogación eng
Agencia que realiza la transcripción CO-MdFUSB
Agencia que realiza la modificación GZM
-- CO-MdFUSB
-- BAKER
-- BTCTA
-- UKM
-- CLE
-- CVN
-- YDXCP
-- SXC
-- ILC
-- TXBXL
-- YOL
Convenciones de la descripción rda
041 ## - CÓDIGO DE IDIOMA
Código de idioma para texto/pista de sonido o título separado eng
082 #4 - NÚMERO DE CLASIFICACIÓN DECIMAL DEWEY
Número de la edición del Dewey 23
Número de clasificación 248.842
Clave de autor-Numero de item E378
100 1# - ASIENTO PRINCIPAL--NOMBRE PERSONAL
Nombre personal Eldredge, John,
Fechas asociadas con el nombre 1960-
Término relacionador autor
240 ## - TITULO UNIFORME
Título uniforme <a href="Salvaje de corazón.">Salvaje de corazón.</a>
245 10 - TÍTULO
Título del Material Wild at heart :
Parte restante del título - Subtitulo discovering the secret of a man's soul
Mención de responsabilidad, etc. / John Eldredge.
264 #1 - PRODUCCIÓN, PUBLICACIÓN, DISTRIBUCIÓN, MANUFACTURA, Y COPYRIGHT
Lugar de producción, publicación, distribución, manufactura Nashville, Tenn. :
Nombre del productor, publicador, distribuidor Thomas Nelson,
Fecha de producción, publicación, distribución, manufactura, o copyright [2001]
264 #4 - PRODUCCIÓN, PUBLICACIÓN, DISTRIBUCIÓN, MANUFACTURA, Y COPYRIGHT
Fecha de producción, publicación, distribución, manufactura, o copyright © 2001
300 ## - DESCRIPCIÓN FÍSICA
Extensión xii, 223 páginas ;
Dimensiones 22 cm.
336 ## - TIPO DE CONTENIDO
Término de tipo de contenido texto
Código de tipo de contenido txt
Fuente rdacontent.
337 ## - TIPO DE MEDIO
Nombre del tipo de medio sin mediación
Código del tipo de medio n
Fuente rdamedia.
338 ## - TIPO DE SOPORTE
Nombre del tipo de soporte volumen
Código Tipo de soporte nc
Fuente rdacarrier.
504 ## - NOTA DE BIBLIOGRAFÍA, ETC.
Nota de bibliografía, etc Incluye referencias bibliográficas.
505 0# - NOTA DE CONTENIDO
Nota de contenido con formato preestablecido Salvaje de corazón - El salvaje cuya imagen llevamos - La pregunta que persigue a cada hombre - La herida - La batalla por el corazón de un hombre - La voz del padre - Curando la herida - Una batalla para luchar: el enemigo - Una batalla para luchar: la estrategia - Una belleza para rescatar - Una aventura para vivir - Escribir el próximo capítulo.
520 ## - NOTA DE RESUMEN, ETC.
Nota de sumario, etc. Eldredge cree que, en lugar de ser un tipo realmente agradable, cada hombre "anhela batallas para luchar, una aventura para vivir y una belleza para rescatar".
563 ## - NOTA DE ENCUADERNACIÓN
Nota de encuadernación Rústico
650 #0 - ASIENTO SECUNDARIO DE MATERIA - TERMINO TEMÁTICO
Término temático o nombre geográfico como elemento de entrada Vida cristiana
9 (RLIN) 19
650 #0 - ASIENTO SECUNDARIO DE MATERIA - TERMINO TEMÁTICO
Término temático o nombre geográfico como elemento de entrada Hombres (Teología cristiana)
9 (RLIN) 1269
653 ## - TÉRMINO DE INDIZACIÓN - NO CONTROLADO
Término no controlado Hombres -- Vida cristiana.
942 ## - TIPO DE MATERIAL (KOHA)
Tipo de Item KOHA Libros General
945 ## - INFORMACIÓN LOCAL DEL REGISTRO
Catalogador JTF-925
Existencias
Estado de Material Estado de Perdido Forma de Clasificación Estado de Dañado No para Préstamo Colección Biblioteca de Origen Biblioteca Permanente Fecha de Adquisición Área Total de Préstamos Signatura Topográfica Código de Barras Última vez visto Ejemplar/Existencia Fecha de Remplazo Tipo de Material
    Dewey Decimal Classification     Colección General Biblioteca FUSBC Biblioteca FUSBC 24/06/2020 VIDA CRISTIANA   G 248.842 E378w 9402 24/06/2020 Ej.1 24/06/2020 Libros General

Biblioteca FUSBC | Teléfono: (57+4) 349 88 10 Ext. 141| WhatsApp (+57) 3005338115 
E-mail: biblioteca@unisbc.edu.co | Calle 76 87-14 Robledo Palenque, Medellín, Colombia

Con tecnología Koha